| 000 | 01547nam a22001937a 4500 | ||
|---|---|---|---|
| 008 | 250512t2025 xxk|||||o||||s00| 0 eng d | ||
| 041 | _aeng | ||
| 245 | _aConfusion reigns after property information guidance withdrawn | ||
| 260 |
_bLegal Futures, _c12 May 2025 |
||
| 520 | _aThe development of guidance on material information by National Trading Standards (NTS) was based on supporting estate and letting agents to meet their legal obligations under Consumer Protection from Unfair Trading Regulations 2008. These regulations have since been superseded and replaced by the new Digital Markets, Competition and Consumers Act 2024. In light of this, the NTS guidance on material information for estate agents and letting agents has been withdrawn however the detail with regard to specific property related matters is not in the DMCCA hence confusion around the exact implications of this withdrawal. The change puts MI within the remit of the Competition and Markets Authority (CMA), which has published broad guidance on its approach to consumer protection under the Act but nothing specific about property. Its enforcement powers are considerably stronger than those of NTS. | ||
| 650 | _aMATERIAL INFORMATION | ||
| 650 | _aESTATE AGENCY | ||
| 650 | _aTRADING STANDARDS | ||
| 650 | _aPROPERTY PARTICULARS | ||
| 651 | _aEngland | ||
| 690 |
_96266 _aResidential property |
||
| 856 |
_uhttps://www.legalfutures.co.uk/latest-news/confusion-reigns-after-property-information-guidance-withdrawn _zLegal Futures news story |
||
| 942 | _n0 | ||
| 999 |
_c122156 _d122156 |
||